000 00469nmm a2200157Ia 4500
008 251105s9999||||xx |||||||||||||||||und||
020 _a9788426717566
041 _aspa
100 _aMEDIAactive
245 0 _aAprender Autocad 2012 Avanzado con 100 ejercicios prácticos
264 _a[Madrid, España] :
_bMarcombo,
_c2012
300 _a216 páginas
650 _aTechnology and computing
856 _uhttps://public.digitaliapublishing.com/a/17136
942 _cCF
999 _c80511
_d80511